Medicinal plants of India. 2 V (Record no. 40438)
[ view plain ]
| 000 -LEADER | |
|---|---|
| fixed length control field | 00403nam a2200157Ia 4500 |
| 082 ## - DEWEY DECIMAL CLASSIFICATION NUMBER | |
| Classification number | 633.88(540) |
| Item number | JAI |
| 100 ## - MAIN ENTRY--AUTHOR NAME | |
| Personal name | DeFilipps, Robert A |
| 245 #0 - TITLE STATEMENT | |
| Title | Medicinal plants of India. 2 V |
| 260 ## - PUBLICATION, DISTRIBUTION, ETC. (IMPRINT) | |
| Place of publication | Michigan |
| Name of publisher | Reference Pub |
| Year of publication | 1991 |
| 505 ## - FORMATTED CONTENTS NOTE | |
| Formatted contents note | Set price |
| 650 ## - SUBJECT ADDED ENTRY--TOPICAL TERM | |
| Topical Term | Folk medicine |
| 650 ## - SUBJECT ADDED ENTRY--TOPICAL TERM | |
| Topical Term | Materia medica |
| 700 ## - ADDED ENTRY--PERSONAL NAME | |
| Personal name | Jain, S K |
| 942 ## - ADDED ENTRY ELEMENTS (KOHA) | |
| Koha item type | Books |
| Withdrawn status | Lost status | Damaged status | Not for loan | Home library | Current library | Date acquired | Cost, normal purchase price | Full call number | Accession Number | Koha item type |
|---|---|---|---|---|---|---|---|---|---|---|
| RRII Library | RRII Library | 16/12/2021 | 99.07 | 633.88(540) JAI | 20737 | Books |